1807 1662 1653 1556 1371 1995 1374 1720 1535 1789 1565 1197 1246 1510 1853 1883 1342 1091 1268 1485 1579 1594 1411 1433 1395 1241 1613 1105 1037 1179 1889 1551 1606 1225 1289 1515 1189 1822 1421 1547 1475 1776 1227 1947 1496 1155 1187 1615 1347 1668 1551 1504 1291 1341 1580 1528 1677 1143 1185 1168 1215 1065 1029 1196 1522 1013 1046 1814 1844 1049 1043 1479 1882 1624 1712 1748 1115 1330 1494 1522 1390 1088 1052 1775 1056 1319 1402 1820 1420 1350 1235 1059 1912 1495 1916 1421 1551 1742 1412 BCNSPRNW ULIB Ver.6.0+V

เปลี่ยนเป็นภาษาไทย

Change to English
 แสดงรายละเอียดบรรณานุกรม
  กลับหน้าหลัก

Brief Record : Get Marc (ISO 2709) : E-mail record : QR code < ปิดหน้าต่าง
LEADER : 00000nam 2200000uu 4500
001    13399110941
003     ULIB
008    110613s||||||||th 000 0 tha d
020    9749183320
050  4 AC158^bจ829ด 2004
100    แจ๊กกี้ ก๊าฟฟ์
245    เด็กๆรู้ไหมทำไมปลามีขา/ ^cผู้แต่ง แจ๊กกี้ ก๊าฟฟ์
260    กรุงเทพฯ : ^bโกรเลียร์ อินเตอร์เนชั่นแนล, ^c2004
300    32 หน้า : ^bภาพประกอบสี ; ^c28 ซม.
650  7 ความรู้รอบตัว
650  7 ปลา
945    ^p350^l0^i029031
995    ทศพร
999 ^a ใช้งานได้ทุกระบบ
รายการนี้ยังไม่มีแท็ก
คุณยังไม่ได้ล็อกอิน คุณสามารถมีกิจกรรมร่วมกับเว็บไซต์ได้ แต่ต้องล็อกอินก่อน ::
  ล็อกอิน

รายการสื่อสารสนเทศ

ลำดับที่ ประเภท เลขเรียก/บาร์โค้ด สถานที่ สถานะ
- ไม่พบข้อมูล -

รายการใกล้เคียง
    ผู้แต่ง [แจ๊กกี้ ก๊าฟฟ์]

    หัวเรื่อง [ความรู้รอบตัว]
    หัวเรื่อง [ปลา]

BibComment


ยังไม่เคยถูกคอมเมนท์

คอมเมนท์ทรัพยากรรายการนี้
  คอมเมนท์: เด็กๆรู้ไหมทำไมปล..


 Copyright 2026. Bcnsprnw @Library